Príbeh Carpathie

V Českej republike vyrába Nestlé cukrovinky v závodoch Zora Olomouc a Sfinx Holešov, v Slovenskej republike vlastní bývalú spoločnosť Carpathia. Firma Nestlé má aktivity v 90 krajinách sveta, aj v SR.

Salvato in:
Dettagli Bibliografici
Natura: Capitolo di libro
Lingua:slovacco
Soggetti:
Tags: Aggiungi Tag
Nessun Tag, puoi essere il primo ad aggiungerne!!

MARC

LEADER 00000naa a2200000 4500
001 0193047
005 20231109070919.2
041 0 |a slo 
044 |a SK 
245 1 0 |a Príbeh Carpathie 
520 |a V Českej republike vyrába Nestlé cukrovinky v závodoch Zora Olomouc a Sfinx Holešov, v Slovenskej republike vlastní bývalú spoločnosť Carpathia. Firma Nestlé má aktivity v 90 krajinách sveta, aj v SR. 
610 2 0 |a firmy 
610 2 0 |a vývoj podniku 
610 2 0 |a potraviny 
610 2 0 |a sortiment 
610 2 0 |a Slovensko